| 000 | 00652cam a2200181 4500500 | ||
|---|---|---|---|
| 005 | 20260111080418.0 | ||
| 041 | _afre | ||
| 042 | _adc | ||
| 100 | 1 | 0 |
_aLesueur, Jacky _eauthor |
| 245 | 0 | 0 | _aProtection sociale complémentaire des fonctionnaires : au-delà des idées reçues… |
| 260 | _c2020. | ||
| 500 | _a73 | ||
| 690 | _afinances sociales | ||
| 690 | _afonction publique | ||
| 690 | _aprotection sociale complémentaire | ||
| 786 | 0 | _nGestion & Finances Publiques | 3 | 3 | 2020-06-22 | p. 34-38 | 1969-1009 | |
| 856 | 4 | 1 | _uhttps://droit.cairn.info/revue-gestion-et-finances-publiques-2020-3-page-34?lang=fr&redirect-ssocas=7080 |
| 999 |
_c1616277 _d1616277 |
||